Harry Potter [HARD] Trivia Quiz - Statistics

General Stats
  • This quiz has been taken 154 times
    136 since last reset
  • The average score is 13 of 22
Answer Stats
Question Answer % Correct
Name of the godfather Harry Potter Sirius Black
100%
→ Place he died in Departement of Mysteries
91%
Name of Harry Potter's owl Hedwig
86%
Name of Crouch's elf Winky
86%
Name of Hagrid's spider Aragog
84%
Name of Albus Dumbledore's brother Aberforth
77%
Form of Rita Skeeter's Animagus Beetle
72%
Name of the ghost of Helena Ravenclaw The Grey Lady
71%
→ Species of this spider Acromantula
70%
In which city is located the Dursleys' home ? Little Whinging
66%
→ What did he fall through? The Veil
65%
For Barty Crouch Jr, who was the person who took his place in Azkaban? His mother
58%
Name of a Death Eater known to be the creator of a curse Dolohov (Antonin) / Snape
57%
→ Place where her portrait was permanently sticked to a wall 12 Grimmauld Place
56%
Type of flying car owned by Arthur Weasley Ford Anglia
56%
→ Name of the inn he is the owner and barman of Hog's Head
56%
Name of Marge Dursley's favorite bulldog Ripper
48%
Name of Severus Snape's father Tobias
33%
→ Book Harry named her after A History of Magic
31%
Name of Draco Malfoy's paternal grandfather Abraxas
26%
Name of Sirius Black's mother Walburga
25%
Name of the city Lily, Petunia and Severus lived in as children Cokeworth
8%
No matching quizzes found
Score Distribution
Percent of People with Each Score
Percentile by Number Answered
Your Score History
You have not taken this quiz since the last reset